| 000 | 00834nam a22002657a 4500 | ||
|---|---|---|---|
| 999 |
_c17044 _d17044 |
||
| 003 | AR-CdUCM | ||
| 008 | 190319b ||||| |||| 00| 0 spa d | ||
| 020 | _a84-239-1563-8 | ||
| 040 |
_aMUNICIPALIDAD PROVINCIAL DEL CUSCO _cBIBLIOTECA MUNICIPAL DEL CUSCO |
||
| 082 |
_a868.31 / _bAG32 |
||
| 100 |
_aAugusti, Ignacio _936861 |
||
| 245 |
_aLos surcos : _bEl cubilete del diablo / |
||
| 260 |
_aMadrid : _bCalpe, _c1974. |
||
| 300 |
_a207 páginas ; _c19 cm. |
||
| 440 |
_aColección Austral. _n1563. _936862 |
||
| 505 | _aContenido :Los surcos -- El cubilete del diablo ... | ||
| 650 |
_aCrónicas _9247 |
||
| 650 |
_aDescripciones y viajes _9497 |
||
| 650 |
_aSiglo XVI _9326 |
||
| 650 |
_aHistoria _9136 |
||
| 650 |
_aAgustinos _919349 |
||
| 650 |
_aIglesia Católica _93151 |
||
| 942 |
_2ddc _cLIBROS |
||
| 945 |
_arum _d2019-05-07 |
||